000 00485nam a2200181Ia 4500
003 IN-BaIIA
008 211028s9999 xx 000 0 eng d
040 _cIIA Library
080 _a535.33
_bHAR
100 _aHarrison, George R.
_91829
245 0 _aPractical spectroscopy
_cGeorge R. Harrison
260 _aNew York
_bPrentice-Hall
_c1948
300 _axiv, 605p.
490 _aPrentice-Hall physics series
650 _aNASA Thesaurus
650 _aSpectroscopy
_91535
942 _cBK
999 _c857
_d857